Ces lieux sont-ils réels ou fictifs ? - Statistiques

Statistiques générales
  • Ce quiz a été pris 85 074 fois
  • Le résultat moyen est 12 sur 16
Statistiques - réponses
Question Réponse % Correct
Le Machu Picchu Réel
96%
L'Atlantide Fictive
90%
Le Valhalla Fictif
85%
Le Wakanda Fictif
84%
La Transylvanie Réelle
82%
La forêt de Sherwood Réelle
76%
L'Isengard Fictif
74%
Les Carpates Réelles
73%
Le Mont Ararat Réel
71%
Le Loch Ness Réel
71%
Le Tartare Fictif
70%
La Syldavie Fictive
69%
La Cité Interdite Réelle
66%
L'Eldorado Fictif
63%
Le Mont Olympe Réel
63%
Le château de Camelot Fictif
48%
Aucun quiz correspondant
Distribution des résultats
% des personnes avec chaque résultat
Percentile par nombre de réponses
Votre historique - résultats
Vous n’avez pas pris ce quiz